书目信息 |
| 题名: |
机械原理课程设计
|
|
| 作者: | 师忠秀 , 王继荣 主编 | |
| 分册: | ||
| 出版信息: | 北京 机械工业出版社 2003.05 |
|
| 页数: | 259页 | |
| 开本: | 24cm | |
| 丛书名: | 新世纪高校机械工程规划教材 | |
| 单 册: | ||
| 中图分类: | TH111-43 | |
| 科图分类: | ||
| 主题词: | 机构学--ji gou xue--课程设计--高等学校--教材 | |
| 电子资源: | ||
| ISBN: | 7-111-11838-3 | |
| 000 | 01028nam 2200265 45 | |
| 001 | 0100300000 | |
| 005 | 20051130101513.28 | |
| 010 | @a7-111-11838-3@dCNY20.00 | |
| 100 | @a20030716d2003 em y0chiy0121 ea | |
| 101 | 0 | @achi |
| 102 | @aCN@b110000 | |
| 105 | @aa a 000yy | |
| 200 | 1 | @a机械原理课程设计@Aji xie yuan li ke cheng she ji@f师忠秀, 王继荣主编@Fshi zhong xiu,wang ji rong zhu bian |
| 210 | @a北京@c机械工业出版社@d2003.05 | |
| 215 | @a259页@c图@d24cm | |
| 225 | 2 | @a新世纪高校机械工程规划教材@Axin shi ji gao xiao ji xie gong cheng gui hua jiao cai |
| 320 | @a有书目。 | |
| 330 | @a该书阐述了机械原理课程设计的意义;机械系统运动方案创新设计的基本理论;应用矩阵解析法进行常用机构运动分析、综合及仿真的VB6.0程序等七章内容。 | |
| 410 | 0 | @12001 @a新世纪高校机械工程规划教材 |
| 606 | 0 | @a机构学@Aji gou xue@x课程设计@x高等学校@x教材 |
| 690 | @aTH111-43@v4 | |
| 701 | 0 | @a师忠秀@Ashi zhong xiu@4主编 |
| 701 | 0 | @a王继荣@Awang ji rong@4主编 |
| 801 | 0 | @aCN@bQSSK@c20051130 |
| 905 | @a10447@dTH111-43@eS481 | |
| 机械原理课程设计/师忠秀, 王继荣主编.-北京:机械工业出版社,2003.05 |
| 259页:图;24cm.-(新世纪高校机械工程规划教材) |
| ISBN 7-111-11838-3:CNY20.00 |
| 该书阐述了机械原理课程设计的意义;机械系统运动方案创新设计的基本理论;应用矩阵解析法进行常用机构运动分析、综合及仿真的VB6.0程序等七章内容。 |
| ● |
| 相关链接 |
|
|
|
正题名:机械原理课程设计
索取号:TH111-43/S481
 
预约/预借
| 序号 | 登录号 | 条形码 | 馆藏地/架位号 | 状态 | 备注 |
| 1 | 576585 | 205765858 | 自科库501/501自科库 32排1列3层/ [索取号:TH111-43/S481] | 在馆 | |
| 2 | 576586 | 205765867 | 自科库501/501自科库 32排1列3层/ [索取号:TH111-43/S481] | 在馆 | |
| 3 | 576587 | 205765876 | 自科库501/501自科库 32排1列3层/ [索取号:TH111-43/S481] | 在馆 |